| 000 | 00644nam a2200241Ia 4500 | ||
|---|---|---|---|
| 005 | 20250425162703.0 | ||
| 008 | 250425s9999 xx 000 0 und d | ||
| 041 | _aspa | ||
| 043 | _amx | ||
| 082 | _a664 | ||
| 100 | _aCRUZ SUAREZ, L ELIZABETH | ||
| 245 | 0 | _aMEMORIAS DEL PRIMER SIMPOSIUM INTERNACIONAL DE NUTRICION Y TECNOLOGIA DE ALIMENTOS PARA ACUACULTURA | |
| 250 | _aS.E | ||
| 260 | _aMAZATLÁN | ||
| 260 |
_aMéxico _bPROGRAMA MARICULTURA _c1993 |
||
| 300 | _a491 | ||
| 650 | _aACUICULTURA | ||
| 650 | _aNUTRICION | ||
| 700 | _aMENDOZA ALFARO, ROBERTO | ||
| 700 | _aRICQUE-MARIE, DENIS | ||
| 942 | _c01 | ||
| 010 | _a96807 | ||
| 999 |
_c234360 _d234360 |
||